Ulice Siedlec - Statystyki

Ogólne statystyki
  • Ten quiz został rozwiązany 32 razy
  • Średni wynik to 54 z 361
Statystyki odpowiedzi
Nazwa Ulicy % Poprawnych
Warszawska
83%
Łukowska
78%
3 Maja
70%
Leśna
70%
Brzeska
65%
Jana Pawła II
65%
Prusa
65%
Sienkiewicza
65%
Sokołowska
65%
Starowiejska
65%
Floriańska
61%
Kazimierzowska
61%
Mickiewicza
61%
Chrobrego
57%
Dębowa
57%
Janowska
57%
Lipowa
57%
Garwolińska
52%
Mazowiecka
52%
Mieszka I
52%
Poznańska
52%
11 Listopada
48%
Białostocka
48%
Brzozowa
48%
Daszyńskiego
48%
Kalinowa
48%
Kurpiowska
48%
Rynkowa
48%
Topolowa
48%
Wojskowa
48%
10 Lutego
43%
Armii Krajowej
43%
Grabianowska
43%
Kasztanowa
43%
Katedralna
43%
Klonowa
43%
Miła
43%
Słowackiego
43%
Wojska Polskiego
43%
Wyszyńskiego
43%
Cmentarna
39%
Kolejowa
39%
Mazurska
39%
Piłsudzkiego
39%
Torowa
39%
Artyleryjska
35%
Bema
35%
Krótka
35%
Lubelska
35%
Piaski Zamiejskie
35%
Płażowa
35%
Podlaska
35%
Pułaskiego
35%
Sosnowa
35%
Wiatraczna
35%
Chopina
30%
Grabowa
30%
Jagiełły
30%
Kwiatowa
30%
Modrzewiowa
30%
Monte Cassino
30%
Partyzantów
30%
Piaskowa
30%
Radzyńska
30%
Starzyńskiego
30%
Wałowa
30%
Asłanowicza
26%
Bajkowa
26%
Brzóski
26%
Budowlana
26%
Czerwonego Krzyża
26%
Domanicka
26%
Dylewicza
26%
Kilińskiego
26%
Kochanowskiego
26%
Łukasińskiego
26%
Młynarska
26%
Nowy Świat
26%
Obrońców Westerplatte
26%
Okrężna
26%
Pescantina
26%
Pomorska
26%
Poniatowskiego
26%
Romanówka
26%
Składowa
26%
Sulimów
26%
Świerkowa
26%
Terespolska
26%
Unitów Podlaskich
26%
Akacjowa
22%
Buczyńskiej
22%
Ceglana
22%
Dywizjonu 303
22%
Formińskiego
22%
Graniczna
22%
Jagiellońska
22%
Jodłowa
22%
Kubusia Puchatka
22%
Malinowa
22%
Rakowiecka
22%
Różana
22%
Świrskiego
22%
Szkolna
22%
Tulipanowa
22%
Żaboklicka
22%
Zbrojna
22%
Aleksandrowska
17%
Bohaterów Getta
17%
Dzieci Zamojszczyzny
17%
Gospodarcza
17%
Grunwaldzka
17%
Grzybowa
17%
Jagodowa
17%
Kaszubska
17%
Kopernika
17%
Kościuszki
17%
Kraszewskiego
17%
Mireckiego
17%
Morska
17%
Niecała
17%
Niedziałka
17%
Niepodległości
17%
Norwida
17%
Ogrodowa
17%
Orlicz-Dreszera
17%
Polna
17%
Północna
17%
Południowa
17%
Popiełuszki
17%
Sądowa
17%
Słoneczna
17%
Sportowa
17%
Sucharskiego
17%
Ujrzanowska
17%
Węgrowska
17%
Wesoła
17%
Wrzosowa
17%
Zielona
17%
Błonie
13%
Cicha
13%
Geodetów
13%
Kleeberga
13%
Konopnickiej
13%
Koszarowa
13%
Królowej Jadwigi
13%
Łąkowa
13%
Lelewela
13%
Łomżyńska
13%
Lotników
13%
Mała
13%
Obrońców Helu
13%
Plac Wolności
13%
Powstańców Warszawy
13%
Rutkowskiego
13%
Sobieskiego
13%
Srebrna
13%
Targowa
13%
Wierzbowa
13%
Żytnia
13%
Andersa
9%
Asnyka
9%
Borówkowa
9%
Brzechwy
9%
Chłodna
9%
Czerwonego Kapturka
9%
Dąbrowskiego
9%
Dobra
9%
Esperanto
9%
Fizylierów
9%
Fredry
9%
Głucha
9%
Guta
9%
Jasna
9%
Kałuszyńska
9%
Karowa
9%
Konarskiego
9%
Krucza
9%
Kruszcowa
9%
Łączna
9%
Liliowa
9%
Mokra
9%
Narutowicza
9%
Niklowa
9%
Ofiar II Wojny Światowej
9%
Orzeszkowej
9%
Paderewskiego
9%
Pola
9%
Poziomkowa
9%
Reja
9%
Sekulska
9%
Spokojna
9%
Świętojańska
9%
Teatralna
9%
Traugutta
9%
Tuwima
9%
Wiejska
9%
Wiśniowa
9%
Zambrowska
9%
Żwirowa
9%
22 Pułku Piechoty
4%
Asza
4%
Batorego
4%
Berdyczowska
4%
Chełmońskiego
4%
Chłopickiego
4%
Czackiego
4%
Energetyczna
4%
Gajowa
4%
Hłasko
4%
Hoża
4%
Hozera
4%
Jesionowa
4%
Jeżynowa
4%
Kasprowicza
4%
Konwaliowa
4%
Korczaka
4%
Lange
4%
Łosicka
4%
Maciągowej
4%
Magazynowa
4%
Makuszyńskiego
4%
Myśliwska
4%
Nauczycielska
4%
Ogińskich
4%
Osiedlowa
4%
Piaski Starowiejskie
4%
Piwna
4%
Plantowa
4%
Platynowa
4%
Porazińskiej
4%
Przerwy-Tetmajera
4%
Pusta
4%
Rawicza
4%
Reymonta
4%
Rybacka
4%
Rzeczna
4%
Saperów
4%
Skrzyneckiego
4%
Ślepa
4%
Śmiała
4%
Staffa
4%
Strzalińska
4%
Świętokrzyska
4%
Vogla
4%
Wiązowa
4%
Wilcza
4%
Wiszniewskiego
4%
Wodniaków
4%
Wyspiańskiego
4%
Żabia
4%
Zaciszna
4%
Żeglarska
4%
Żeromskiego
4%
Artych
0%
Bat. Chłopskich
0%
Benedyktowicza
0%
Biszczadzka
0%
Boczna
0%
Borowiczan
0%
Boya-Zeleńskiego
0%
Broniewskiego
0%
Browarna
0%
Bucholca
0%
Chałubińskiego
0%
Chejły
0%
Chmielna
0%
Długosza
0%
Dolna
0%
Drobika ppk.
0%
Dwiernickiego
0%
Dworska
0%
Fabryczna
0%
Faustyny Kowalskiej św.
0%
Furmańska
0%
Gałczyńskiego
0%
Ganiewskiego
0%
Gąski Balbinki
0%
Gliniana
0%
Glogera
0%
Góreckiego
0%
Grota-Roweckiego
0%
Grunwaldowej
0%
I Brygady Legionów
0%
Inżynierska
0%
Iwaszkiewicza
0%
Januszewskiej
0%
Jarzębinowa
0%
Jaśminowa
0%
Jordana
0%
Joselewicza
0%
Kablowa
0%
Kaczorowskiego Ryszarda
0%
Kaczyńskiego Lecha
0%
Karpacka
0%
Kątowa
0%
Kopciuszka
0%
Krakówki
0%
Kruczkowskiego
0%
Krytowa
0%
Kurkowa
0%
Łącznik Mazursko-Kurpiowski
0%
Lawendowa
0%
Łowcza
0%
Mazura Jana
0%
Mikulskiego
0%
Moniuszki
0%
Morcinka
0%
Murarska
0%
Mylna
0%
Niepodległości Skwer
0%
Obozowa
0%
Okopowa
0%
Okrzei
0%
Orłowskiego
0%
Pancernych
0%
Pankiewicza
0%
Parkingowa
0%
Piechowskiego
0%
Piotrowskiego
0%
Piramowicza
0%
Plac Tysiąclecia
0%
Podmiejska
0%
Podsekulska
0%
Prądzyńskiego
0%
Próżna
0%
Przymiarki
0%
Rejtana
0%
Rozdzoże
0%
Ryszkowskiej
0%
Ściegiennego
0%
Serakowskiego
0%
Siewna
0%
Skorupki
0%
Smocza
0%
Śniadeckich
0%
Solskiego
0%
Sowińskiego
0%
Staszica
0%
Stodolna
0%
Storczykowa
0%
Strzelecka
0%
Sybiraków
0%
Szancera
0%
Szymanowskiego
0%
Ułanów
0%
Urwana
0%
Wędkarska
0%
Widok
0%
Wieniawskiego
0%
Wintera
0%
Wiolinowa
0%
Wojewódzkiego
0%
Woszczerowicza
0%
Zamiejska
0%
Zaremby
0%
Zdanowskiego Plac
0%
Zieleniewskiego
0%
Zielna
0%
Żniwna
0%
Żuławska
0%
Żyburowej
0%
Nie znaleziono quizów pasujących do podanych kryteriów
Rozkład punktacji
Procent ludzi z każdym wynikiem
Percentyl według liczby udzielonych odpowiedzi
Twoja historia wyników
Nie rozwiązałeś tego quizu